00546nam a2200169Ia 4500003000900000008004100009040001600050080001600066100002100082245006700103260003200170300001400202650004600216942000700262999001500269952009200284IN-BaIIA211028s9999 xx 000 0 eng d cIIA Library a535.31bMOR aMorgan, J.93193 0aIntroduction to geometrical and physical opticscJoseph Morgan aNew YorkbMcGraw-Hillc1953 axi, 450p. aPhysical Optics, Geometrical Optics93194 cBK c1589d1589 00104070aBANbBANcGENd0000-00-00l0o535.31/ MORp1739r2021-11-05w0000-00-00yBK